[Event "FRA-ch U26"]
[Site "Bastia"]
[Date "2024.04.07"]
[Round "9"]
[White "Fischer, Thorange"]
[Black "Hingouet, Matthieu"]
[Result "1-0"]
[WhiteElo "1924"]
[BlackElo "2210"]
[PlyCount "160"]
[EventDate "2024.04.06"]
[EventType "swiss"]
[EventRounds "9"]
[EventCountry "FRA"]
[SourceTitle "CB16_2024"]
[SourceDate "2024.04.17"]
[SourceVersion "1"]
[SourceVersionDate "2024.04.17"]
[SourceQuality "1"]

1. Nf3 d5 2. g3 Nf6 3. Bg2 c5 4. 0-0 e6 5. d3 Nc6 6. Nbd2 g6 7. e4 Bg7 8. Re1 0-0 9. Qe2 b6 10. Nf1 Ba6 11. e5 Nd7 12. Bf4 b5 13. h4 Rc8 14. N1h2 Nd4 15. Nxd4 cxd4 16. Ng4 Rc6 17. h5 gxh5 18. Nh6+ Kh8 19. Qxh5 Qe8 20. Rac1 f5 21. Qh3 Qg6 22. Bf3 Rfc8 23. Bh5 Qxh6 24. Bxh6 Bxh6 25. f4 b4 26. Be8 Rxe8 27. Qxh6 Rg8 28. Kf2 Rg6 29. Qh4 Nf8 30. Rh1 Kg8 31. Qe7 Rb6 32. Rh3 Rg7 33. Qf6 Rf7 34. Qd8 Rd7 35. Qe8 Bb5 36. Qh5 Rc6 37. Ke2 Rc8 38. Kd2 Rg7 39. Rg1 Be8 40. Qf3 Rgc7 41. Rc1 a5 42. g4 fxg4 43. Qxg4+ Bg6 44. Rf3 Rf7 45. Qg5 a4 46. b3 a3 47. Qg4 Kh8 48. Rg3 Kg8 49. Rf3 Kh8 50. Rf2 Bf5 51. Qh4 Bg6 52. Rg1 Rfc7 53. Kd1 Rf7 54. Qh6 Kg8 55. Qg5 Kg7 56. f5 exf5 57. Rxf5 Rcc7 58. Rxf7+ Rxf7 59. Ke2 Ne6 60. Qg3 Nf4+ 61. Kd2 Nh5 62. Qg2 Nf4 63. Qh1 Rf5 64. Rf1 h5 65. Qh4 Ng2 66. Qe7+ Kh6 67. Rxf5 Bxf5 68. Qf6+ Bg6 69. e6 Ne3 70. e7 Ng4 71. Qf4+ Kg7 72. Qf8+ Kh7 73. e8Q Bxe8 74. Qxe8 Kh6 75. Qe6+ Kg5 76. Qxd5+ Kh4 77. Qxd4 Kh3 78. Ke2 h4 79. Kf3 Nh2+ 80. Kf2 Ng4+ 1-0

[Event "FRA-ch U26"]
[Site "Bastia"]
[Date "2024.04.06"]
[Round "5"]
[White "Destic, Elena"]
[Black "Hingouet, Matthieu"]
[Result "1-0"]
[WhiteElo "1946"]
[BlackElo "2210"]
[PlyCount "81"]
[EventDate "2024.04.06"]
[EventType "swiss"]
[EventRounds "9"]
[EventCountry "FRA"]
[SourceTitle "CB16_2024"]
[SourceDate "2024.04.17"]
[SourceVersion "1"]
[SourceVersionDate "2024.04.17"]
[SourceQuality "1"]

1. e4 c5 2. Nf3 Nc6 3. b4 cxb4 4. d4 d5 5. exd5 Qxd5 6. c4 Qd8 7. d5 Nb8 8. Qa4+ Bd7 9. Qxb4 Na6 10. Qd2 Nf6 11. Nc3 g6 12. Be2 Bg7 13. Bb2 0-0 14. 0-0 Bg4 15. h3 Bxf3 16. Bxf3 Ne8 17. Ne4 Bxb2 18. Qxb2 Nd6 19. Qd4 b6 20. Rfe1 Rc8 21. Rac1 Nc5 22. Nxd6 exd6 23. Re2 Nb7 24. Be4 Re8 25. Rce1 Qh4 26. g3 Qh6 27. Bg2 Rxe2 28. Rxe2 Na5 29. Qf6 Qg7 30. Qxd6 Nxc4 31. Qd7 Qf8 32. Re7 a5 33. Re2 Rd8 34. Qb5 Qc5 35. Qxc5 bxc5 36. Rc2 Nd6 37. Rxc5 Nb7 38. Rb5 Rd7 39. Kf1 Kf8 40. Ke2 Ke7 41. Rxb7 1-0

[Event "Vaujany op 14th"]
[Site "Vaujany"]
[Date "2023.07.15"]
[Round "3"]
[White "Horvath, Jozsef"]
[Black "Hingouet, Matthieu"]
[Result "1-0"]
[WhiteElo "2432"]
[BlackElo "2226"]
[PlyCount "67"]
[EventDate "2023.07.13"]
[EventType "swiss"]
[EventRounds "9"]
[EventCountry "FRA"]
[SourceTitle "CBM 215 Extra"]
[Source "ChessBase"]
[SourceDate "2023.09.30"]
[SourceVersion "1"]
[SourceVersionDate "2023.09.30"]
[SourceQuality "1"]

1. Nf3 Nf6 2. g3 d5 3. Bg2 e6 4. c4 d4 5. 0-0 c5 6. e3 Nc6 7. exd4 cxd4 8. d3 Bd6 9. Bg5 h6 10. Bxf6 Qxf6 11. Nbd2 Qd8 12. a3 a5 13. Rc1 0-0 14. c5 Be7 15. Re1 Qc7 16. Qa4 Ra7 17. Nxd4 Nxd4 18. Qxd4 Bf6 19. Qd6 Qxd6 20. cxd6 Bxb2 21. Rc7 Rd8 22. Nc4 Bd4 23. Rb1 Kf8 24. Bxb7 Rxb7 25. Rbxb7 Bxb7 26. Rxb7 Bc5 27. d7 Be7 28. Nxa5 Ra8 29. Nc6 Bd8 30. a4 f6 31. a5 e5 32. a6 Rxa6 33. Nxd8 Ke7 34. Nf7 1-0

[Event "Paris-ch IdF"]
[Site "Paris"]
[Date "2022.07.14"]
[Round "4"]
[White "Bonte, Andrei Mihai"]
[Black "Hingouet, Matthieu"]
[Result "1-0"]
[WhiteElo "2329"]
[BlackElo "2221"]
[PlyCount "77"]
[EventDate "2022.07.12"]
[EventType "swiss"]
[EventRounds "9"]
[EventCountry "FRA"]
[SourceTitle "CBM 209 Extra"]
[Source "ChessBase"]
[SourceDate "2022.09.30"]
[SourceVersion "1"]
[SourceVersionDate "2022.09.30"]
[SourceQuality "1"]

1. d4 Nf6 2. Nf3 d5 3. Bf4 c5 4. e3 Nc6 5. Nbd2 e6 6. c3 Bd6 7. Bb5 0-0 8. 0-0 Ne7 9. Qe2 Bxf4 10. exf4 Qb6 11. dxc5 Qxc5 12. Nb3 Qc7 13. g3 Nf5 14. Nbd4 Nd6 15. Bd3 Bd7 16. Ne5 Nfe4 17. Rfe1 Rab8 18. a4 a6 19. a5 Rbe8 20. f3 Nc5 21. Bc2 Bb5 22. Nxb5 axb5 23. Qf2 Ra8 24. Qd4 Rfc8 25. Kg2 Nc4 26. b4 Na6 27. Rac1 Nd6 28. Bd3 Nb8 29. f5 Nxf5 30. Bxf5 exf5 31. Qxd5 Rd8 32. Qxb5 g6 33. Rcd1 Nc6 34. Nxc6 bxc6 35. Qc5 Rxd1 36. Rxd1 Re8 37. Rd2 h5 38. a6 Re1 39. Ra2 1-0

[Event "FRA-ch U20"]
[Site "Europe Echecs INT"]
[Date "2020.07.12"]
[Round "3"]
[White "Hingouet, Matthieu"]
[Black "Eugene, Floryan"]
[Result "0-1"]
[WhiteElo "2228"]
[BlackElo "2343"]
[PlyCount "70"]
[EventDate "2020.07.12"]
[EventType "swiss (rapid)"]
[EventRounds "9"]
[EventCountry "FRA"]
[SourceTitle "EXT 2021"]
[Source "ChessBase"]
[SourceDate "2020.10.23"]
[SourceVersion "1"]
[SourceVersionDate "2020.10.23"]
[SourceQuality "1"]

1. d4 Nf6 2. c4 g6 3. Nc3 Bg7 4. e4 d6 5. Bg5 Nbd7 6. f3 a6 7. Nge2 c5 8. d5 b5 9. cxb5 Qa5 10. a4 axb5 11. Bd2 Ne5 12. Nc1 b4 13. Nb5 0-0 14. Be2 Ba6 15. 0-0 c4 16. Rb1 Bxb5 17. axb5 Qxb5 18. Be3 b3 19. h3 Ned7 20. Bd4 Rfc8 21. Re1 Nh5 22. Bxg7 Kxg7 23. Qd4+ Ne5 24. Bf1 Qc5 25. Qxc5 Rxc5 26. Ne2 Nd3 27. Red1 Ra2 28. Nd4 Nxb2 29. Rdc1 Nf4 30. Rc3 Na4 31. Rxc4 Rxc4 32. Bxc4 Rxg2+ 33. Kh1 b2 34. Ne2 Rxe2 35. Bxe2 Nxe2 0-1

[Event "FRA-ch U20"]
[Site "Europe Echecs INT"]
[Date "2020.07.12"]
[Round "6"]
[White "Rollot, Florence"]
[Black "Hingouet, Matthieu"]
[Result "1-0"]
[WhiteElo "1973"]
[BlackElo "2228"]
[PlyCount "83"]
[EventDate "2020.07.12"]
[EventType "swiss (rapid)"]
[EventRounds "9"]
[EventCountry "FRA"]
[SourceTitle "EXT 2021"]
[Source "ChessBase"]
[SourceDate "2020.10.23"]
[SourceVersion "1"]
[SourceVersionDate "2020.10.23"]
[SourceQuality "1"]

1. Nf3 d5 2. c4 d4 3. b4 Nf6 4. Bb2 c5 5. bxc5 Nc6 6. d3 e5 7. Nbd2 Bxc5 8. g3 0-0 9. Bg2 Re8 10. Ng5 h6 11. Nge4 Nxe4 12. Nxe4 Bb4+ 13. Nd2 Qa5 14. a3 Bc3 15. Bxc3 dxc3 16. Nb3 Qa4 17. Qc2 Bg4 18. h3 Bd7 19. Qxc3 Nd4 20. Nxd4 exd4 21. Qd2 Re7 22. 0-0 Rae8 23. Rfe1 Bf5 24. Kh2 Qd7 25. Rab1 b6 26. Rb5 h5 27. Rd5 Qe6 28. Qg5 Bxd3 29. Rxd4 Bxc4 30. Qxh5 Bxe2 31. Qh4 Qf6 32. Qxf6 gxf6 33. Rd6 Kg7 34. Rb1 Ba6 35. Rb4 Re6 36. Rg4+ Kf8 37. Rd7 R6e7 38. Rd5 Bb7 39. Rh5 Rc7 40. Bxb7 Rxb7 41. Rh8+ Ke7 42. Re4+ 1-0

[Event "Paris-ch 94th"]
[Site "Paris"]
[Date "2019.07.09"]
[Round "4"]
[White "Hingouet, Matthieu"]
[Black "French, Max"]
[Result "1/2-1/2"]
[WhiteElo "2245"]
[BlackElo "2232"]
[PlyCount "49"]
[EventDate "2019.07.07"]
[EventType "swiss"]
[EventRounds "9"]
[EventCountry "FRA"]
[SourceTitle "CBM 191 Extra"]
[Source "ChessBase"]
[SourceDate "2019.09.30"]
[SourceVersion "1"]
[SourceVersionDate "2019.09.30"]
[SourceQuality "1"]

1. d4 Nf6 2. c4 e6 3. Nc3 Bb4 4. e3 0-0 5. Bd3 d5 6. Nf3 c5 7. 0-0 dxc4 8. Bxc4 Nc6 9. a3 Ba5 10. Bd3 Kh8 11. Ne2 cxd4 12. exd4 Bb6 13. Bc2 h6 14. Be3 Bc7 15. Bf4 Bxf4 16. Nxf4 Qd6 17. Qd2 e5 18. dxe5 Qxd2 19. Nxd2 Nxe5 20. Rfe1 Nc6 21. Nc4 Nd4 22. Bd3 Ne6 23. Nxe6 Bxe6 24. Ne5 Kg8 25. f3 1/2-1/2

[Event "Paris-ch 94th"]
[Site "Paris"]
[Date "2019.07.07"]
[Round "2"]
[White "Hingouet, Matthieu"]
[Black "Shirazi, Kamran"]
[Result "1-0"]
[WhiteElo "2245"]
[BlackElo "2343"]
[PlyCount "156"]
[EventDate "2019.07.07"]
[EventType "swiss"]
[EventRounds "9"]
[EventCountry "FRA"]
[SourceTitle "CBM 191 Extra"]
[Source "ChessBase"]
[SourceDate "2019.09.30"]
[SourceVersion "1"]
[SourceVersionDate "2019.09.30"]
[SourceQuality "1"]

1. d4 Nf6 2. c4 a6 3. Nc3 c5 4. d5 b5 5. cxb5 axb5 6. Nxb5 Qa5+ 7. Nc3 g6 8. Bd2 Bg7 9. e4 0-0 10. Nf3 d6 11. Be2 Ba6 12. 0-0 Nbd7 13. a4 Rfb8 14. Nb5 Qb6 15. Qc2 Ne8 16. Bg5 Kf8 17. Nd2 h6 18. Be3 Qd8 19. Rab1 Nc7 20. Nxc7 Qxc7 21. Bxa6 Rxa6 22. b3 Kg8 23. Nc4 Nf8 24. Rfd1 e6 25. Na3 exd5 26. Rxd5 Ne6 27. Nb5 Qe7 28. Rbd1 Rbb6 29. Qd2 Kh7 30. Qd3 Bf8 31. e5 dxe5 32. Rxe5 Qf6 33. Rd5 Rb7 34. Rd7 c4 35. Qxc4 Rxd7 36. Rxd7 Kg8 37. h3 Ng5 38. Qd4 Qf5 39. Qd3 Qf6 40. Nc3 Rd6 41. Rxd6 Bxd6 42. Bxg5 hxg5 43. g3 Qe6 44. Ne4 Be7 45. Kg2 f5 46. Nd2 Qc6+ 47. Qf3 Qd7 48. Nc4 Bc5 49. Ne5 Qd4 50. Nc6 Qd2 51. b4 Bxf2 52. Qxf2 Qd5+ 53. Qf3 Qd2+ 54. Kg1 Qc1+ 55. Kh2 Qc2+ 56. Qg2 Qxa4 57. Qd5+ Kh7 58. Ne5 Qc2+ 59. Qg2 Qc3 60. Qb7+ Kh6 61. Nf7+ Kh5 62. Qg2 Qxb4 63. Qe2+ g4 64. hxg4+ Qxg4 65. Qe8 Qd4 66. Qe2+ Qg4 67. Qe3 f4 68. gxf4 g5 69. Nxg5 Kg6 70. Qf3 Qh4+ 71. Nh3 Qh8 72. Kg3 Qa1 73. Qd3+ Kh6 74. Kg4 Qa8 75. Qd6+ Kg7 76. Qe5+ Kg8 77. Ng5 Qg2+ 78. Kf5 Qg4+ 1-0

[Event "Paris ChessMates 3rd"]
[Site "Paris"]
[Date "2019.03.30"]
[Round "4.2"]
[White "Hingouet, Matthieu"]
[Black "Hilwerda, Jonas"]
[Result "1/2-1/2"]
[WhiteElo "2207"]
[BlackElo "2279"]
[PlyCount "80"]
[EventDate "2019.03.29"]
[EventType "team-tourn"]
[EventRounds "5"]
[EventCountry "FRA"]
[SourceTitle "CBM 189 Extra"]
[Source "ChessBase"]
[SourceDate "2019.06.03"]
[SourceVersion "1"]
[SourceVersionDate "2019.06.03"]
[SourceQuality "1"]
[WhiteTeam "Idf Team"]
[BlackTeam "Rotterdam Pathena"]
[WhiteTeamCountry "FRA"]
[BlackTeamCountry "NED"]

1. d4 Nf6 2. c4 e6 3. Nc3 Bb4 4. e3 0-0 5. Bd3 d5 6. a3 Be7 7. cxd5 exd5 8. Nge2 b6 9. 0-0 c6 10. f3 c5 11. Bd2 Nc6 12. Be1 Bb7 13. g4 Re8 14. Kg2 Bd6 15. Bf2 Rc8 16. Qc2 g6 17. Qd2 Na5 18. Rae1 cxd4 19. exd4 Ne4 20. fxe4 dxe4 21. Bxe4 Bxe4+ 22. Nxe4 Rxe4 23. h3 Nc4 24. Qd3 Qe7 25. Ng3 Rxe1 26. Rxe1 Nxb2 27. Qa6 Qc7 28. Ne4 Be7 29. Qb5 Nc4 30. Bg3 Nxa3 31. Nf6+ Kf8 32. Nd7+ Kg8 33. Bxc7 Nxb5 34. Rxe7 Nxc7 35. Nf6+ Kf8 36. Rd7 h6 37. g5 hxg5 38. Nh7+ Ke8 39. Nf6+ Kf8 40. Nh7+ Ke8 1/2-1/2

[Event "Paris ChessMates 3rd"]
[Site "Paris"]
[Date "2019.03.30"]
[Round "3.1"]
[White "Hingouet, Matthieu"]
[Black "Melaugh, Shanemelaugh"]
[Result "1-0"]
[WhiteElo "2207"]
[BlackElo "2105"]
[PlyCount "91"]
[EventDate "2019.03.29"]
[EventType "team-tourn"]
[EventRounds "5"]
[EventCountry "FRA"]
[SourceTitle "CBM 189 Extra"]
[Source "ChessBase"]
[SourceDate "2019.06.03"]
[SourceVersion "1"]
[SourceVersionDate "2019.06.03"]
[SourceQuality "1"]
[WhiteTeam "Idf Team"]
[BlackTeam "Ireland"]
[WhiteTeamCountry "FRA"]
[BlackTeamCountry "IRL"]

1. d4 Nf6 2. c4 e6 3. Nc3 Bb4 4. e3 b6 5. Bd3 Bb7 6. Nf3 0-0 7. Bd2 d5 8. cxd5 exd5 9. 0-0 Nbd7 10. a3 Be7 11. b4 c5 12. dxc5 bxc5 13. bxc5 Nxc5 14. Be2 Ne6 15. Nb5 a5 16. Nfd4 Nxd4 17. Nxd4 Ne4 18. Bb5 Bf6 19. a4 Bxd4 20. exd4 Qf6 21. Be3 Rfb8 22. Rc1 Nd6 23. Rc5 Rc8 24. f3 Nf5 25. Bf2 Rxc5 26. dxc5 d4 27. Qd3 Rd8 28. c6 Bc8 29. Rd1 Rd6 30. Qe4 Kf8 31. c7 Qe7 32. g4 Qxe4 33. fxe4 Ne7 34. Rxd4 Rxd4 35. Bxd4 Bxg4 36. Bc5 Bc8 37. Bb6 Ng6 38. Bxa5 Ke7 39. Bb4+ Ke6 40. a5 Ne5 41. a6 Nd7 42. a7 Nb6 43. Bc6 f5 44. exf5+ Kxf5 45. Bd2 Nc4 46. Bc3 1-0

[Event "Glorney Cup"]
[Site "Paisley"]
[Date "2018.07.17"]
[Round "3.7"]
[White "Hingouet, Matthieu"]
[Black "Baselmans, Luuk"]
[Result "1-0"]
[WhiteElo "2209"]
[BlackElo "2082"]
[PlyCount "55"]
[EventDate "2018.07.16"]
[EventType "team-tourn"]
[EventRounds "5"]
[EventCountry "SCO"]
[SourceTitle "EXT 2021"]
[Source "ChessBase"]
[SourceDate "2020.10.23"]
[SourceVersion "1"]
[SourceVersionDate "2020.10.23"]
[SourceQuality "1"]
[WhiteTeam "France U18"]
[BlackTeam "Netherlands U18"]
[WhiteTeamCountry "FRA"]
[BlackTeamCountry "NED"]

1. d4 e6 2. c4 Bb4+ 3. Nc3 b6 4. e3 Bb7 5. Nge2 Nf6 6. a3 Bxc3+ 7. Nxc3 d6 8. d5 0-0 9. Be2 Nbd7 10. 0-0 a5 11. Rb1 e5 12. Qc2 Qe7 13. b3 g6 14. f4 exf4 15. exf4 Nc5 16. b4 axb4 17. axb4 Nce4 18. Bb2 Rfe8 19. Rbe1 Nxc3 20. Qxc3 Ra2 21. Bf3 Qxe1 22. Rxe1 Rxe1+ 23. Qxe1 Rxb2 24. Qe7 Rxb4 25. Qxf6 Rxc4 26. f5 gxf5 27. Qxf5 Rc5 28. h4 1-0

[Event "Glorney Cup"]
[Site "Paisley"]
[Date "2018.07.16"]
[Round "1.2"]
[White "Carroll, Peter"]
[Black "Hingouet, Matthieu"]
[Result "0-1"]
[WhiteElo "1742"]
[BlackElo "2209"]
[PlyCount "100"]
[EventDate "2018.07.16"]
[EventType "team-tourn"]
[EventRounds "5"]
[EventCountry "SCO"]
[SourceTitle "EXT 2021"]
[Source "ChessBase"]
[SourceDate "2020.10.23"]
[SourceVersion "1"]
[SourceVersionDate "2020.10.23"]
[SourceQuality "1"]
[WhiteTeam "Ireland U18"]
[BlackTeam "France U18"]
[WhiteTeamCountry "IRL"]
[BlackTeamCountry "FRA"]

1. e4 c5 2. d4 cxd4 3. c3 g6 4. Qxd4 Nf6 5. c4 Bg7 6. Nc3 Nc6 7. Qd1 0-0 8. Be3 d6 9. f3 b6 10. Nge2 Bb7 11. Qd2 Ne5 12. Nd4 Rc8 13. b3 Nc6 14. Rd1 Nxd4 15. Bxd4 Nd7 16. Be2 Nc5 17. 0-0 a5 18. f4 Qc7 19. Bxg7 Kxg7 20. Bf3 Rcd8 21. Qb2 e5 22. Rd2 Bc6 23. Rfd1 f6 24. Nd5 Bxd5 25. Rxd5 Ne6 26. fxe5 dxe5 27. Bg4 Nd4 28. Re1 Rf7 29. a3 h5 30. Bd1 b5 31. Be2 Rxd5 32. exd5 Qb6 33. Kf1 Nf5 34. Bd3 Ne3+ 35. Rxe3 Qxe3 36. Qe2 Qc1+ 37. Kf2 Qxa3 38. Bc2 Qd6 39. Qd2 bxc4 40. Qxa5 cxb3 41. Bxb3 Rb7 42. Bc4 Qb6+ 43. Qxb6 Rxb6 44. Kf3 Kf8 45. g3 Ke7 46. h4 Rb4 47. Bd3 f5 48. Ba6 Rb3+ 49. Kf2 Kd6 50. Bc4 Rb4 0-1

[Event "Rotterdam Basamro 5th"]
[Site "Rotterdam"]
[Date "2017.09.23"]
[Round "1.2"]
[White "Dijkhuis, Oele"]
[Black "Hingouet, Matthieu"]
[Result "1-0"]
[WhiteElo "2077"]
[BlackElo "2107"]
[PlyCount "53"]
[EventDate "2017.09.23"]
[EventType "team-tourn"]
[EventRounds "3"]
[EventCountry "NED"]
[SourceTitle "CBM 180 Extra"]
[Source "ChessBase"]
[SourceDate "2017.10.06"]
[SourceVersion "1"]
[SourceVersionDate "2017.10.06"]
[SourceQuality "1"]
[WhiteTeam "Rotterdam"]
[BlackTeam "Ile de France"]
[WhiteTeamCountry "NED"]
[BlackTeamCountry "FRA"]

1. e4 c6 2. c4 d5 3. exd5 cxd5 4. cxd5 Nf6 5. Nf3 g6 6. Nc3 Bg7 7. Bc4 0-0 8. 0-0 Nbd7 9. d3 Nb6 10. Qb3 Bf5 11. Re1 Rc8 12. Nh4 Bd7 13. Bf4 h6 14. Be5 g5 15. Nf3 Bf5 16. h3 Nfd7 17. Bxg7 Kxg7 18. Nd4 Bg6 19. Qb4 Nc5 20. Nb3 Nxc4 21. Nxc5 Qd6 22. dxc4 Rxc5 23. Nb5 Qb6 24. Rxe7 a6 25. Qc3+ Qf6 26. Nd4 Kg8 27. Rae1 1-0

[Event "FRA-ch U14"]
[Site "Pau"]
[Date "2015.05.01"]
[Round "7"]
[White "Willems, Niels"]
[Black "Hingouet, Matthieu"]
[Result "0-1"]
[WhiteElo "1965"]
[BlackElo "2024"]
[PlyCount "100"]
[EventDate "2015.04.26"]
[EventType "swiss"]
[EventRounds "9"]
[EventCountry "FRA"]
[SourceTitle "CBM 166 Extra"]
[Source "ChessBase"]
[SourceDate "2015.06.18"]
[SourceVersion "1"]
[SourceVersionDate "2015.06.18"]
[SourceQuality "1"]

1. c4 Nf6 2. Nc3 e6 3. e4 d5 4. e5 Ne4 5. cxd5 Nxc3 6. bxc3 exd5 7. d4 c5 8. Ne2 Nc6 9. g3 cxd4 10. cxd4 Qb6 11. Bg2 Bb4+ 12. Kf1 Bg4 13. f3 Bf5 14. a3 Be7 15. h4 0-0 16. Bh3 Bxh3+ 17. Rxh3 f6 18. Kg2 fxe5 19. dxe5 d4 20. Bf4 Rad8 21. Rb1 Qc5 22. Qd3 Nxe5 23. Bxe5 Qxe5 24. Rb5 Qe3 25. Qxe3 dxe3 26. f4 b6 27. a4 Rd3 28. a5 Bc5 29. Rh1 Rfd8 30. axb6 axb6 31. Ra1 h6 32. Kf3 Rd1 33. Rbb1 Rxb1 34. Rxb1 Rd3 35. h5 Kf7 36. Ra1 Ke6 37. Ra7 Rd7 38. f5+ Kd6 39. Ra2 Ke5 40. g4 b5 41. Ra5 Rb7 42. Nc3 Kd4 43. Rxb5 Rxb5 44. Nxb5+ Kd3 45. Nc3 Kxc3 46. Ke2 Kd4 47. g5 hxg5 48. f6 gxf6 49. h6 Bf8 50. h7 Bg7 0-1

[Event "FRA-ch U14"]
[Site "Pau"]
[Date "2015.04.30"]
[Round "6"]
[White "Hingouet, Matthieu"]
[Black "Chargelegue, Thomas"]
[Result "1-0"]
[WhiteElo "1917"]
[BlackElo "2059"]
[PlyCount "69"]
[EventDate "2015.04.26"]
[EventType "swiss"]
[EventRounds "9"]
[EventCountry "FRA"]
[SourceTitle "CBM 166 Extra"]
[Source "ChessBase"]
[SourceDate "2015.06.18"]
[SourceVersion "1"]
[SourceVersionDate "2015.06.18"]
[SourceQuality "1"]

1. d4 Nf6 2. c4 g6 3. Nc3 d5 4. cxd5 Nxd5 5. Bd2 Bg7 6. e4 Nxc3 7. Bxc3 c5 8. d5 Bxc3+ 9. bxc3 Qa5 10. Qd2 0-0 11. Nf3 Rd8 12. Bc4 Nc6 13. 0-0 b5 14. Qh6 Qxc3 15. Bxb5 Na5 16. e5 f6 17. Rfc1 Qb4 18. Rab1 Qg4 19. exf6 exf6 20. Re1 Qh5 21. Qd2 Bf5 22. Rb2 Nb7 23. Bc6 Nd6 24. Bxa8 Nc4 25. Qc3 Nxb2 26. Qxf6 Rxa8 27. Re7 Qh6 28. Qxb2 Qf8 29. Qe5 Rb8 30. h3 h6 31. d6 Rd8 32. Nh4 Bb1 33. Qe6+ Kh8 34. Nxg6+ Bxg6 35. Qxg6 1-0

[Event "FRA-chT U20 16 GP Basse 1213"]
[Site "France"]
[Date "2013.05.19"]
[Round "9"]
[White "Huguet, Alexandre"]
[Black "Hingouet, Matthieu"]
[Result "1-0"]
[WhiteElo "1370"]
[BlackElo "1410"]
[PlyCount "77"]
[EventDate "2012.12.01"]
[EventType "team"]
[EventRounds "11"]
[EventCountry "FRA"]
[SourceTitle "EXT 2014"]
[Source "ChessBase"]
[SourceDate "2013.11.20"]
[SourceVersion "1"]
[SourceVersionDate "2013.11.20"]
[SourceQuality "1"]
[WhiteTeam "Vandoeuvre U20"]
[BlackTeam "Saint Mande U20"]
[WhiteTeamCountry "FRA"]
[BlackTeamCountry "FRA"]

1. d4 d5 2. Nf3 Nf6 3. e3 e6 4. Bd3 Nbd7 5. Nbd2 Be7 6. b3 0-0 7. 0-0 b6 8. Bb2 Bb7 9. Rc1 c5 10. c4 Rc8 11. cxd5 exd5 12. Re1 cxd4 13. Rxc8 Qxc8 14. exd4 Bd6 15. Ne5 Ba6 16. Qe2 Bxd3 17. Qxd3 Bxe5 18. dxe5 Nc5 19. Qb5 Qe6 20. f3 a5 21. Nf1 Rc8 22. Re2 Nh5 23. Rd2 Nf4 24. g3 Ng6 25. Qe2 Re8 26. f4 f6 27. f5 Qxf5 28. Rxd5 Nxe5 29. Bxe5 fxe5 30. Qc4 Kh8 31. Qb5 Rf8 32. Rd6 Qf2+ 33. Kh1 Qxf1+ 34. Qxf1 Rxf1+ 35. Kg2 Rf8 36. Rxb6 Ra8 37. Rd6 e4 38. Rd5 Rd8 39. Rxd8# 1-0